Missing Word: 'B' Pairs Quiz Stats

Quiz Updated May 16, 2018

Challenge
Share
Tweet
Embed
Score 0/16 Timer 02:00
0 Plays Today
One and... the other % Correct
____ and ClydeBonnie
95.8%
Beavis and _____Butt-Head
94.8%
Angelina and ____Brad
93.1%
____ and ErnieBert
91%
Alpha and ____Beta
87.1%
Rhythm and ____Blues
83.6%
____ and TedBill
82.8%
Rocky and ____Bullwinkle
81.3%
One and... the other % Correct
Ken and ____Barbie
80.2%
____ and SundanceButch
75.4%
Barnum and ____Bailey
74.2%
Thumper and ____Bambi
68.7%
Porgy and ____Bess
61%
Stewie and ____Brian
55.7%
____ and Bacall Bogart
44.1%
Antigua and ____Barbuda
35.1%

Today's Daily Dose

Missing Word
For Dummies Books

Word Ladder
Ariana Grande

Quick Pick
1970s Authors

On This Day
June 21st II

You're not logged in!

Compare scores with friends on all Sporcle quizzes.
Join for Free
OR
Log In

You Might Also Like...

Show Comments

Extras

Top Quizzes Today


Score Distribution

Your Account Isn't Verified!

In order to create a playlist on Sporcle, you need to verify the email address you used during registration. Go to your Sporcle Settings to finish the process.

Report this User

Report this user for behavior that violates our Community Guidelines.

Details: